Capital Cities Trivia - Statistics

General Stats
  • This quiz has been taken 13 times
  • The average score is 7 of 21
Answer Stats
Question Answer % Correct
What is the Northernmost capital? Reykjavik
92%
Who's name means "Good Air" when translated into Spanish Buenos Aires
83%
Which is the most populated? Beijing
67%
What capitals are less then 2 kilometers away from each other? Kinshasa | Brazzaville
58%
What capital has the most skyscrapers? Beijing
50%
What is the most expensive capital to live in? Bern
50%
What capital is considered the oldest inhabited by humans? Damascus
50%
What capital is the highest from sea level? La Paz
50%
Which city is the coldest in the world Ulaanbaatar
50%
What is the most visited capital city? Bangkok
42%
What capital has the tallest skyscrapers? Kuala Lumpur
42%
What capital is the lowest from sea level? Baku
17%
What country has no official Capital City? Nauru
17%
Which is the most dangerous capital city Caracus
8%
What capital city has the most official Languages? Pretoria
8%
What is the largest capital city not near water in the world? Riyadh
8%
Which is the greenest capital in the world? Stockholm
8%
What is the most biodiverse capital? Cape Town
0%
What capital has the most museums? Mexico City
0%
Which is the wettest capital in the world? Monrovia
0%
Which is the youngest? Naypyidaw
0%
No matching quizzes found
Score Distribution
Percent of People with Each Score
Percentile by Number Answered
Your Score History
You have not taken this quiz